<?xml version="1.0" encoding="UTF-8"?>
<record
    xmlns:xsi="http://www.w3.org/2001/XMLSchema-instance"
    xsi:schemaLocation="http://www.loc.gov/MARC21/slim http://www.loc.gov/standards/marcxml/schema/MARC21slim.xsd"
    xmlns="http://www.loc.gov/MARC21/slim">

  <leader>00739nam a22002297a 4500</leader>
  <controlfield tag="005">20220516122639.0</controlfield>
  <controlfield tag="008">210907b           ||||| |||| 00| 0 eng d</controlfield>
  <datafield tag="020" ind1=" " ind2=" ">
    <subfield code="a">9780199576388</subfield>
  </datafield>
  <datafield tag="040" ind1=" " ind2=" ">
    <subfield code="c">AL</subfield>
  </datafield>
  <datafield tag="041" ind1=" " ind2=" ">
    <subfield code="a">French</subfield>
  </datafield>
  <datafield tag="082" ind1=" " ind2=" ">
    <subfield code="2">23</subfield>
    <subfield code="a">443.21</subfield>
    <subfield code="b">OXFO</subfield>
  </datafield>
  <datafield tag="100" ind1=" " ind2=" ">
    <subfield code="a">Oxford University Press</subfield>
    <subfield code="9">37272</subfield>
  </datafield>
  <datafield tag="100" ind1=" " ind2=" ">
    <subfield code="d">Oxford University Press</subfield>
    <subfield code="9">13</subfield>
  </datafield>
  <datafield tag="245" ind1=" " ind2=" ">
    <subfield code="a">Oxford Essential French Dictionary</subfield>
    <subfield code="b">French-English and English-French </subfield>
    <subfield code="c">Oxford University Press</subfield>
  </datafield>
  <datafield tag="260" ind1=" " ind2=" ">
    <subfield code="a">New York</subfield>
    <subfield code="b">Oxford University Press</subfield>
    <subfield code="c">2009</subfield>
  </datafield>
  <datafield tag="300" ind1=" " ind2=" ">
    <subfield code="a">xxii, 480 p.</subfield>
    <subfield code="b">PB</subfield>
    <subfield code="c">18x11 cm.</subfield>
  </datafield>
  <datafield tag="365" ind1=" " ind2=" ">
    <subfield code="2">296</subfield>
    <subfield code="a">27-04-2021</subfield>
    <subfield code="b">239</subfield>
    <subfield code="c">&#x20B9;</subfield>
    <subfield code="d">299</subfield>
    <subfield code="e">20%</subfield>
    <subfield code="f">27-04-2021`</subfield>
  </datafield>
  <datafield tag="500" ind1=" " ind2=" ">
    <subfield code="a">French</subfield>
  </datafield>
  <datafield tag="650" ind1=" " ind2=" ">
    <subfield code="2">French</subfield>
    <subfield code="a">English</subfield>
    <subfield code="9">14</subfield>
  </datafield>
  <datafield tag="700" ind1=" " ind2=" ">
    <subfield code="a">Oxford University Press</subfield>
    <subfield code="9">13</subfield>
  </datafield>
  <datafield tag="942" ind1=" " ind2=" ">
    <subfield code="2">ddc</subfield>
    <subfield code="c">BK</subfield>
  </datafield>
  <datafield tag="999" ind1=" " ind2=" ">
    <subfield code="c">216232</subfield>
    <subfield code="d">216232</subfield>
  </datafield>
  <datafield tag="952" ind1=" " ind2=" ">
    <subfield code="0">0</subfield>
    <subfield code="1">0</subfield>
    <subfield code="2">ddc</subfield>
    <subfield code="4">0</subfield>
    <subfield code="7">3</subfield>
    <subfield code="8">OTH</subfield>
    <subfield code="a">AL</subfield>
    <subfield code="b">AL</subfield>
    <subfield code="d">2021-09-01</subfield>
    <subfield code="g">239.00</subfield>
    <subfield code="l">0</subfield>
    <subfield code="o">443.21 OXFO</subfield>
    <subfield code="p">074932</subfield>
    <subfield code="r">2021-09-13 00:00:00</subfield>
    <subfield code="v">299.00</subfield>
    <subfield code="w">2021-09-07</subfield>
    <subfield code="y">BK</subfield>
  </datafield>
</record>
